000 00728nam a2200181Ia 4500
008 090630s9999 xx 000 0 und d
082 _b23507
100 _aनानोटकर शैला.
245 _aविज्ञानाच्या पाऊल खुणा भाग 1.
_cनानोटकर शैला.
260 _bज्ञानेश.
_c1994
300 _a72
600 _aनानोटकर शैला.
630 _aविज्ञानाच्या पाऊल खुणा भाग 1.
655 _aबालवाङमय.
700 _aनानोटकर शैला.
730 _aविज्ञानाच्या पाऊल खुणा भाग 1.
942 _cBOOK
999 _c275363
_d275363